Schaum's outline of theory and problems of computer graphics (Record no. 8113)

000 -LEADER
fixed length control field 00572nam a22002057a 4500
001 - CONTROL NUMBER
control field 8113
003 - CONTROL NUMBER IDENTIFIER
control field BD-DhUET
008 - FIXED-LENGTH DATA ELEMENTS--GENERAL INFORMATION
fixed length control field 150118b xxu||||| |||| 00| 0 eng d
020 ## - INTERNATIONAL STANDARD BOOK NUMBER
International Standard Book Number 0070991537
040 ## - CATALOGING SOURCE
Original cataloging agency DLC
Transcribing agency DLC
Modifying agency BD-DhUET
082 ## - DEWEY DECIMAL CLASSIFICATION NUMBER
Classification number 001.6443
Item number PLA/1996
100 ## - MAIN ENTRY--PERSONAL NAME
Personal name Plastock, Roy A.
245 ## - TITLE STATEMENT
Title Schaum's outline of theory and problems of computer graphics
Statement of responsibility, etc. by Plastock, Roy A
250 ## - EDITION STATEMENT
Edition statement Ist. ed.
260 ## - PUBLICATION, DISTRIBUTION, ETC. (IMPRINT)
Place of publication, distribution, etc. New york
Name of publisher, distributor, etc. McGraw-Hill
Date of publication, distribution, etc. 1986
300 ## - PHYSICAL DESCRIPTION
Extent viii,340p.
Other physical details ill.
650 #0 - SUBJECT ADDED ENTRY--TOPICAL TERM
Topical term or geographic name as entry element Computer graphics, computer
700 ## - ADDED ENTRY--PERSONAL NAME
Personal name Kalley, Gordon
942 ## - ADDED ENTRY ELEMENTS (KOHA)
Koha item type General Book
Holdings
Koha date last seen Copy number Source of classification or shelving scheme Location (home branch) Not for loan Koha item type Lost status Price effective from Shelving location Koha normalized classification for sorting Koha issues (times borrowed) Piece designation (barcode) Damaged status Date acquired Withdrawn status Koha date last borrowed Sublocation or collection (holding branch) Koha full call number
2016-01-051 Central Library, BUET General Book 2015-01-18Circulation section001_644300000000000_PLA_1996 91018 2015-01-18  Central Library, BUET001.6443/PLA/1996
2015-01-182 Central Library, BUET General Book 2015-01-18Circulation section001_644300000000000_PLA_1996 91021 2015-01-18  Central Library, BUET001.6443/PLA/1996
2019-04-083 Central Library, BUET General Book 2015-01-18Circulation section001_644300000000000_PLA_1996191010 2015-01-18 2019-02-24Central Library, BUET001.6443/PLA/1996
2022-10-104 Central Library, BUET General Book 2015-01-18Circulation section001_644300000000000_PLA_1996191030 2015-01-18 2022-10-02Central Library, BUET001.6443/PLA/1996
2015-01-185 Central Library, BUET General Book 2015-01-18Circulation section001_644300000000000_PLA_1996 91022 2015-01-18  Central Library, BUET001.6443 PLA/1996
2015-06-066 Central Library, BUET Reading Item 2015-06-06Reading section001_644300000000000_PLA_1996 91008 2015-06-06  Central Library, BUET001.6443/PLA/1996
2015-06-067 Central Library, BUET General Book 2015-06-06Reading section001_644300000000000_PLA_1996 91009 2015-06-06  Central Library, BUET001.6443/PLA/1996